00709nam a2200169 a 4500008004100000020001800041050001500059100001900074245008700093260003900180300002900219650002900248650001400277995010000291999001700391952013100408201204s2019 ||||||||||||||||| || u a9781510449749 aBC 177 Fra aFrancis, Peter10aCEM 11+ non-verbal reasoning & spatial reasoning practice paperscBy Peter Francis aLondonbHodder and Stoughtonc2019 a64 pages : illustrations aNON-VERBAL ABILITY TESTS aREASONING D24.36FCBU-MAIN LIBRARY (Kitwe)M1UAVAILABLEWDec 8, 2020ZMain Library Open Access Collection c36934d36934 00102lcc4070a001b001cMain Library Open Access Collectiond2022-11-30l0oBC 177 Frap750549r2022-11-30w2022-11-30y002